[Event "8. Oeffinger Schachopen 2017"]
[Site "?"]
[Date "2017.06.04"]
[Round "5.1"]
[White "Gheng, Simona"]
[Black "Schnepp, Gunnar"]
[Result "0-1"]
[WhiteElo "1999"]
[BlackElo "2337"]
[PlyCount "71"]
[EventDate "2016.??.??"]

1. e4 e6 2. d4 d5 3. Nd2 Nf6 4. Bd3 c5 5. exd5 Qxd5 6. Ngf3 cxd4 7. O-O Nc6 8.
Bc4 Qd6 9. Bb5 Bd7 10. Nc4 Qc5 11. Bxc6 Bxc6 12. Qxd4 Bxf3 13. Qxc5 Bxc5 14.
gxf3 Rc8 15. Be3 Nd5 16. c3 b5 17. Bxc5 Rxc5 18. Nd6+ Ke7 19. Ne4 Rc6 20. Rfd1
Nb6 21. Rd4 f5 22. Ng3 h6 23. Re1 g6 24. f4 Na4 25. Rd2 Rd8 26. Rxd8 Kxd8 27.
Re2 Rd6 28. Kg2 Kd7 29. Rc2 Rd3 30. Ne2 Kd6 31. a3 Nc5 32. f3 Nb3 33. Kf2 Kd5
34. c4+ bxc4 35. Nc3+ Kd6 36. Ke2 0-1

[Event "8. Oeffinger Schachopen 2017"]
[Site "?"]
[Date "2017.06.04"]
[Round "5.2"]
[White "Gheng, Josef"]
[Black "Gustain, Marc"]
[Result "1-0"]
[WhiteElo "2334"]
[BlackElo "2118"]
[PlyCount "137"]
[EventDate "2016.??.??"]

1. e4 d5 2. exd5 Qxd5 3. Nc3 Qd8 4. Bc4 Nf6 5. d4 a6 6. Nf3 b5 7. Bb3 c5 8.
dxc5 Qxd1+ 9. Nxd1 e6 10. a4 b4 11. O-O Bxc5 12. Ne5 Bb7 13. Nd3 Be7 14. a5 O-O
15. Bd2 Nc6 16. Ra4 Ne4 17. Be3 Rfd8 18. f3 Nf6 19. Bb6 Rdc8 20. Ne3 Rab8 21.
Nc4 Nd5 22. Bf2 Nd8 23. Bg3 Bc6 24. Raa1 Rb5 25. Rfd1 h5 26. h4 Rb7 27. Nd6
Bxd6 28. Bxd6 Ne3 29. Rd2 Bd5 30. Bxb4 Bxb3 31. cxb3 Nd5 32. Bd6 Rc6 33. Ba3
Rxb3 34. Nb4 Rc5 35. Rad1 Rxa5 36. Nxd5 Rxd5 37. Rxd5 exd5 38. Rxd5 Ne6 39.
Rxh5 Nf4 40. Rc5 Ng6 41. h5 Nf4 42. g3 Ne6 43. Rc3 Rb5 44. g4 f5 45. Rc6 Nd4
46. Rc8+ Kh7 47. Kf2 fxg4 48. fxg4 a5 49. Rc5 g6 50. Rc7+ Kh6 51. Bf8+ Kg5 52.
Rc5+ Rxc5 53. Bxc5 Ne6 54. Be7+ Kh6 55. hxg6 Kxg6 56. Ke3 Kf7 57. Bh4 Nc5 58.
Kd4 Nd7 59. b3 Ke6 60. Bg3 Nf6 61. g5 Nd7 62. Bc7 Kf5 63. Bd8 Ne5 64. Bf6 Nd7
65. Kc4 Nb6+ 66. Kb5 a4 67. bxa4 Nxa4 68. Kxa4 Kg6 69. Kb5 1-0

[Event "8. Oeffinger Schachopen 2017"]
[Site "?"]
[Date "2017.06.04"]
[Round "5.3"]
[White "Dusbaba, Karel"]
[Black "Neyman, Igor"]
[Result "1/2-1/2"]
[WhiteElo "2089"]
[BlackElo "2308"]
[PlyCount "39"]
[EventDate "2016.??.??"]

1. c4 e5 2. Nc3 Nc6 3. g3 Bc5 4. d3 a5 5. Nf3 d6 6. Bg2 Nge7 7. Bd2 O-O 8. O-O
h6 9. a3 Bg4 10. Na4 Qd7 11. Bc3 Ng6 12. Rb1 Bh3 13. b4 Bxg2 14. Kxg2 axb4 15.
Nxc5 dxc5 16. axb4 cxb4 17. Bxb4 Nxb4 18. Rxb4 b6 19. Rb5 Rfe8 20. Nd2 1/2-1/2

[Event "8. Oeffinger Schachopen 2017"]
[Site "?"]
[Date "2017.06.04"]
[Round "5.4"]
[White "Holzhäuer, Mathias"]
[Black "Frühsorger, Dieter"]
[Result "1-0"]
[WhiteElo "2276"]
[BlackElo "1957"]
[PlyCount "53"]
[EventDate "2016.??.??"]

1. e4 c5 2. Nc3 Nc6 3. Bb5 g6 4. Bxc6 dxc6 5. f4 Bg7 6. Nf3 Nf6 7. d3 O-O 8.
O-O Bg4 9. Qe1 Bxf3 10. Rxf3 c4 11. Qh4 cxd3 12. cxd3 h5 13. h3 Nd7 14. Be3 e6
15. Qf2 Qa5 16. e5 Bxe5 17. fxe5 Nxe5 18. Rg3 Nxd3 19. Qe2 Rfd8 20. Rf1 Qc7 21.
Rg5 e5 22. Qxh5 Nf4 23. Bxf4 exf4 24. Qg4 Qb6+ 25. Kh1 Rd4 26. Ne2 Re4 27.
Rxg6+ 1-0

[Event "8. Oeffinger Schachopen 2017"]
[Site "?"]
[Date "2017.06.04"]
[Round "5.5"]
[White "Degenhardt, Horst"]
[Black "Schaum, Michael"]
[Result "1/2-1/2"]
[WhiteElo "2285"]
[BlackElo "1949"]
[PlyCount "39"]
[EventDate "2016.??.??"]

1. d4 Nf6 2. Nf3 c5 3. e3 e6 4. Bd3 Qc7 5. Nbd2 d6 6. O-O Be7 7. b3 Nbd7 8. Bb2
O-O 9. Qe2 b6 10. a3 Bb7 11. c4 Rac8 12. Ng5 Rfe8 13. Nge4 cxd4 14. exd4 Nxe4
15. Nxe4 Nf6 16. Rac1 Bxe4 17. Bxe4 Nxe4 18. Qxe4 Bf6 19. Qf3 Qd7 20. Rfd1
1/2-1/2

[Event "8. Oeffinger Schachopen 2017"]
[Site "?"]
[Date "2017.06.04"]
[Round "5.6"]
[White "Gentner, Markus"]
[Black "Nickel, Rüdiger"]
[Result "1/2-1/2"]
[WhiteElo "1997"]
[BlackElo "2158"]
[PlyCount "35"]
[EventDate "2016.??.??"]

1. Nf3 Nf6 2. c4 e6 3. b3 c5 4. Bb2 Be7 5. g3 O-O 6. Bg2 d6 7. d4 Nbd7 8. O-O
Qc7 9. Nc3 a6 10. Rc1 Rb8 11. dxc5 Nxc5 12. Nd4 e5 13. Nc2 Re8 14. Ne3 Bf8 15.
b4 Ncd7 16. Qb3 Nb6 17. Rc2 Be6 18. Ncd5 1/2-1/2

[Event "8. Oeffinger Schachopen 2017"]
[Site "?"]
[Date "2017.06.04"]
[Round "5.7"]
[White "Gabriel, Josef"]
[Black "Weida, Alexander"]
[Result "1-0"]
[WhiteElo "2079"]
[BlackElo "1994"]
[PlyCount "51"]
[EventDate "2016.??.??"]

1. e4 e6 2. d3 d5 3. Nd2 c5 4. Ngf3 Nc6 5. g3 Nf6 6. Bg2 Be7 7. O-O b6 8. Re1
Bb7 9. exd5 Nxd5 10. Ne4 h6 11. h4 Qd7 12. d4 Nf6 13. Nxf6+ gxf6 14. c3 cxd4
15. cxd4 Nb4 16. Bd2 Nd5 17. Rc1 Rd8 18. Qb3 Bd6 19. Nh2 Be7 20. Bf1 a6 21. Be2
b5 22. Bh5 Nb6 23. Qxe6 Qxe6 24. Rxe6 Nd5 25. Rce1 Kf8 26. Rxe7 1-0

[Event "8. Oeffinger Schachopen 2017"]
[Site "?"]
[Date "2017.06.04"]
[Round "5.8"]
[White "Randall, Gordon"]
[Black "Mück, Heinz-Peter"]
[Result "1-0"]
[WhiteElo "2037"]
[BlackElo "1896"]
[PlyCount "43"]
[EventDate "2016.??.??"]

1. d4 h6 2. Nf3 g5 3. Qd3 Bg7 4. e4 d6 5. Be3 Nf6 6. Nc3 a6 7. h3 Nc6 8. O-O-O
b5 9. e5 dxe5 10. dxe5 Qxd3 11. Bxd3 Nh5 12. Nd5 O-O 13. Be4 Be6 14. g4 f5 15.
exf6 Nxf6 16. Nxf6+ Rxf6 17. Bxc6 Raf8 18. Nd4 Bc8 19. Be4 e6 20. Nc6 R6f7 21.
Bc5 Re8 22. Bg6 1-0